Základné modely penzijných systémov bakalárska práca

Saved in:
Bibliographic Details
Main Author: Sojčiaková, Veronika
Corporate Author: Národohospodárska fakulta EU. Katedra financií
Other Authors: Čambalová, Andrea
Format: Book
Language:Slovak
Published: Bratislava 2010
Tags: Add Tag
No Tags, Be the first to tag this record!

MARC

LEADER 00000nam$a2200000$$$4500
001 0136484
005 20240320074643.7
041 0 |a slo 
044 |a SK 
245 1 0 |a Základné modely penzijných systémov  |b bakalárska práca  |c Veronika Sojčiaková ; školiteľ: Andrea Čambalová 
264 1 |a Bratislava  |c 2010 
300 |a 46 s. 
100 1 |a Sojčiaková, Veronika 
700 1 |a Čambalová, Andrea 
710 2 |a Národohospodárska fakulta EU. Katedra financií